000 00417nam a22001337a 4500
020 _a97881203322608
082 _222
_a621.38119
100 _aKissell, Thomas, E.
245 _aIndustrial electronics :
_bapplication for programmable control and electrical machines and moter controls /
250 _a3 rd.
260 _aNew Delhi,
_bPrentice Hall,
_cc2009.
300 _axxiv,904 . ;
_bill. ;
_c24 cm.
942 _2ddc
_cECE
999 _c1709
_d1709